000 00925nam a2200301Ia 4500
001 Z_4536
003 CHAP
008 220113s1985 xx 000 0 und d
010 _a167611
040 _cCHAP
082 _a630.717 S4
100 _aSeminario de Investigación sobre el Papel del Progreso Científico Técnico en la Estrategia del Desarrollo Agropecuario (1985 : Chapingo, Méx.)
_9141871
245 _aMemoria /
_cpor UACH. Departamento de Economía Agrícola
260 _aChapingo, Méx. :
_bLa Universidad,
_c1985
300 _a256 p.
440 _a
500 _a
503 _a
650 _aAgricultura
_xCongresos I. UACH. Departamento de Economía agrícola
_9141872
650 _aAgricultura
_xInvestigación
_xMéxico
_91643
650 _aAgricultura
_xPlaneación
_xMéxico
_9137635
901 _a630.717 S4
902 _aA
910 _a1985
942 _c1
942 _cc1
999 _c167611
_d167611